| 000 | 00771nam a22002057a 4500 | ||
|---|---|---|---|
| 005 | 20240530110436.0 | ||
| 008 | 150408s2011 ua g 000 pdara d | ||
| 017 |
_a2010/22937 _bمصر . دار الكتب المصرية |
||
| 020 | _a9789774276502 | ||
| 040 | _aEG-CaGPL | ||
| 082 | 0 | 4 |
_221 _a811.9\ _bح ى |
| 100 | 0 | _aحنان مفيد فوزى | |
| 245 | 1 | 0 |
_aيا حلاوة المولد : _bديوان كاريكاتيرى ساخر عن العيشة واللى عايشنها / _cحنان مفيد فوزى. |
| 250 | _aط1. | ||
| 260 |
_aالقاهرة : _bالدار المصرية اللبنانية ، _c2011. |
||
| 300 |
_a183 ص ؛ _c20 سم. |
||
| 650 | 0 | 4 | _aالشعر العربى |
| 942 |
_2ddc _cBK |
||
| 999 |
_c60949 _d60949 |
||